000 00998nam0a2200289 4500
001 RU\NLR\bibl\1415511
005 20260406123548.0
010 _a978-5-17-057568-8
_bАСТ
010 _a978-5-403-00557-9
_bАСТ МОСКВА
_98000
021 _aRU
_b2009-56140
_93460
035 _a(NLR Aleph) 001407478
090 _a1261202
_c1261202
100 _a20090923d2009 |||y0rusy50 ca
101 1 _arus
_ceng
102 _aRU
105 _ay |||||||||
200 1 _aЛюбовь во спасение
_eроман
_fБарбара Картленд
_g[пер. с англ. Ю.А. Кряклиной]
210 _aМосква
_cАСТ
_cАСТ МОСКВА
_d2009
215 _a221, [1] с.
_d17
225 1 _aмини ШАРМ
686 _aШ6(4Вл)67-440.4{Лх1299-50}
700 1 _4070
_8rus
_7ca
_aКартланд
_bБ.
_f1901-2000
_gБарбара
_3RU\NLR\auth\77841
_9110879
801 0 _aRU
_bNLR
_c20090923
_gRCR
801 1 _aRU
_bNLR
_c20090923
942 _cBOOK
980 _aNB